000 005970000a22001210004500
100 1 _aCárdenas, Fernando
245 1 0 _aRaperos bolivarianos : Viaje a las barriadas de Caracas
300 _aVol.0, núm.9 (Junio, 2006), Páginas 8-9
500 _aPeriodista chileno.
520 _aEn los próximos meses habrá una ráfaga de hip-hop, graffitis y videos en los barrios pobres de Caracas, todo con el fin de sacudir la mente de los jóvenes marginales para que voten en las elecciones de diciembre por el presidente Hugo Chávez.
773 0 _tArcadia / Andrés Felipe Solano, Editor
942 _cANA
999 _c61782
_d61782